| 000 | 00438nam a2200157Ia 4500 | ||
|---|---|---|---|
| 003 | GCL | ||
| 008 | 140319s9999 xx 000 0 eng d | ||
| 040 |
_aGCL / _cGCL |
||
| 082 | 0 | 4 |
_aCH _b030 _bT U \\=aTIME LIFE BOOKSv |
| 245 | 1 | 0 | _aUNIVERSE AND EARTH SCIENCES |
| 260 |
_a[S.N] : _bTIME - LIFE BOOKS INC. ، _c1990 |
||
| 300 | _a110 P | ||
| 650 | 0 | 4 | _aENCYCLOPEDIAS |
| 650 | 0 | 4 | _aCHILDREN - ENCYCLOPEDIAS AND DICTIONARY |
| 942 |
_2ddc _cBK |
||
| 999 |
_c11461 _d11461 |
||